00511nam a2200181 a 4500001001300000003000900013005001700022008004100039020002300080082001700103100002400120245006000144260004500204300000900249500003500258505001000293650002600303nice12345678IN_TiNIC20260116013329.0050524s1993 dela grp 000 0 eng  a8185574 c88200a248.843bAQU aAquino, Maria Pilar aOur Cry for Lifeb Feminist Theology from Latin America aDelhibIntercultural Publications c1993 a254p aincludes index and biblioraphy2 aIndex aWomen in Christianity